| 000 | 00391 a2200133 4500 | ||
|---|---|---|---|
| 001 | 91936 | ||
| 082 | _a306.44955491 NAD | ||
| 090 |
_c43884 _d43883 |
||
| 100 | _aNadeem Shafiq Malik, Dr. | ||
| 245 |
_aSociolinguistic Study of Wakhi Language of Northern Pakistan _nEnglish |
||
| 260 |
_aIslamabad _bNUST _c2014 |
||
| 300 |
_aix, 222 _bHb |
||
| 650 | _aSocio linguistics Wakhi language | ||
| 942 |
_aCAE NUST _k306.44955491 NAD |
||
| 999 |
_c327009 _d327009 |
||